[Event "Goldberg mem"]
[Site "Moscow RUS"]
[Date "1998.??.??"]
[Round "2"]
[White "Odeev, Handszar"]
[Black "Sambuev, Bator"]
[Result "1/2-1/2"]
[WhiteElo "2430"]
[BlackElo "2365"]
[PlyCount "22"]
[EventDate "1998.??.??"]
[EventType "tourn"]
[EventRounds "15"]
[EventCountry "RUS"]
[Source "ChessBase"]
[SourceDate "1999.11.18"]

1. e4 e6 2. d4 d5 3. exd5 exd5 4. Nf3 Nf6 5. Bd3 Bd6 6. O-O O-O 7. h3 h6 8. c3
c6 9. Nbd2 Nbd7 10. Re1 Re8 11. Rxe8+ Nxe8 1/2-1/2

[Event "Goldberg mem"]
[Site "Moscow RUS"]
[Date "1998.??.??"]
[Round "3"]
[White "Sambuev, Bator"]
[Black "Korotylev, Alexey"]
[Result "1-0"]
[WhiteElo "2365"]
[BlackElo "2470"]
[PlyCount "67"]
[EventDate "1998.??.??"]
[EventType "tourn"]
[EventRounds "15"]
[EventCountry "RUS"]
[Source "ChessBase"]
[SourceDate "1999.11.18"]

1. Nf3 Nf6 2. c4 e6 3. Nc3 b6 4. g3 Bb7 5. Bg2 Be7 6. O-O O-O 7. Re1 d5 8. cxd5
exd5 9. d4 Nbd7 10. Bf4 c6 11. Rc1 Re8 12. Qb3 Nf8 13. e4 Ne6 14. e5 Nd7 15.
Rcd1 b5 16. Bc1 Qb6 17. Bh3 Rad8 18. Bf5 Ndf8 19. h4 a6 20. Bg5 Nxg5 21. hxg5
Qa7 22. Ne2 c5 23. Nf4 cxd4 24. e6 f6 25. gxf6 Bxf6 26. Nh5 Be7 27. Ne5 d3 28.
Qxd3 Bc5 29. Qf3 Bd4 30. Bxh7+ Kxh7 31. Nf6+ gxf6 32. Qh5+ Kg8 33. Qf7+ Kh8 34.
Kg2 1-0

[Event "Goldberg mem"]
[Site "Moscow RUS"]
[Date "1998.??.??"]
[Round "4"]
[White "Sambuev, Bator"]
[Black "Gaprindashvili, Valerian"]
[Result "1-0"]
[WhiteElo "2365"]
[BlackElo "2270"]
[PlyCount "72"]
[EventDate "1998.??.??"]
[EventType "tourn"]
[EventRounds "15"]
[EventCountry "RUS"]
[Source "ChessBase"]
[SourceDate "1999.11.18"]

1. Nf3 Nf6 2. c4 e6 3. Nc3 Bb4 4. Qc2 O-O 5. a3 Bxc3 6. Qxc3 c5 7. b4 b6 8. Bb2
d6 9. e3 e5 10. Be2 Bg4 11. h3 Bh5 12. d3 Nc6 13. b5 Na5 14. g4 Bg6 15. Nd2 Ne8
16. f3 Rb8 17. h4 f6 18. O-O-O Bf7 19. g5 d5 20. cxd5 Nc7 21. gxf6 gxf6 22.
Rdg1+ Kh8 23. Qxe5 Bxd5 24. Qg3 Qe7 25. e4 Be6 26. h5 Ne8 27. e5 f5 28. Kb1 Rg8
29. Qf4 Nc7 30. Qxf5 Nxb5 31. Qf6+ Qxf6 32. exf6 Nd4 33. Ne4 Rbf8 34. Rg7 Rf7
35. Rhg1 Rgf8 36. Bxd4 cxd4 1-0

[Event "Goldberg mem"]
[Site "Moscow RUS"]
[Date "1998.??.??"]
[Round "5"]
[White "Nalbandian, Tigran"]
[Black "Sambuev, Bator"]
[Result "1/2-1/2"]
[WhiteElo "2440"]
[BlackElo "2365"]
[PlyCount "120"]
[EventDate "1998.??.??"]
[EventType "tourn"]
[EventRounds "15"]
[EventCountry "RUS"]
[Source "ChessBase"]
[SourceDate "1999.11.18"]

1. Nf3 Nf6 2. g3 b5 3. Bg2 Bb7 4. O-O e6 5. d4 Be7 6. a4 b4 7. c4 bxc3 8. bxc3
O-O 9. c4 a5 10. Nc3 Ne4 11. Bb2 Nxc3 12. Bxc3 Bf6 13. Qb1 Nc6 14. e4 Rb8 15.
Qd3 Ba6 16. e5 Be7 17. Rfb1 Nb4 18. Bxb4 Rxb4 19. Rxb4 Bxb4 20. Qc2 h6 21. c5
d6 22. exd6 cxd6 23. Rc1 Qc7 24. c6 d5 25. Ne5 Rc8 26. Bf1 Bxf1 27. Kxf1 Ba3
28. Rb1 Bd6 29. Rc1 Ba3 30. Rb1 Bd6 31. Rc1 Bxe5 32. dxe5 Qxe5 33. c7 Qd6 34.
Qb3 d4 35. Qb7 Qd7 36. Ke2 Kh7 37. Kd3 e5 38. Qe4+ Kh8 39. Qxe5 Qxa4 40. Qxd4
Qa3+ 41. Rc3 Qe7 42. Qc5 Qd7+ 43. Kc2 a4 44. Kb2 Qd2+ 45. Ka3 Qd1 46. Ka2 Qd2+
47. Rc2 Qd3 48. Qc4 Qd7 49. Qc6 Qe7 50. Qb7 Qd7 51. Qc6 Qe7 52. Qb7 Qd7 53. Qc6
Qe7 54. Rc3 Kh7 55. h4 Qb4 56. Qc5 Qe4 57. h5 Kg8 58. Qb5 Qe6+ 59. Ka3 Qd6+ 60.
Qc5 Qd1 1/2-1/2

[Event "Goldberg mem"]
[Site "Moscow RUS"]
[Date "1998.??.??"]
[Round "11"]
[White "Komliakov, Viktor"]
[Black "Sambuev, Bator"]
[Result "0-1"]
[WhiteElo "2510"]
[BlackElo "2365"]
[PlyCount "71"]
[EventDate "1998.??.??"]
[EventType "tourn"]
[EventRounds "15"]
[EventCountry "RUS"]
[Source "ChessBase"]
[SourceDate "1999.11.18"]

1. e4 e6 2. d3 d5 3. Nd2 Nf6 4. Ngf3 c5 5. g3 Nc6 6. Bg2 Be7 7. O-O b6 8. Re1
Bb7 9. c3 Qc7 10. Nf1 O-O 11. e5 Nd7 12. Bf4 Rfe8 13. h4 Nf8 14. h5 Qd8 15. Qd2
f6 16. N1h2 f5 17. g4 b5 18. Bh3 fxg4 19. Nxg4 d4 20. Kh2 Nd7 21. Ng5 Bxg5 22.
Bxg5 Qc7 23. f4 h6 24. Bh4 Kh7 25. Rg1 Rf8 26. Rg3 Rae8 27. Rag1 Rf7 28. Bg2
Ne7 29. Bxe7 Rexe7 30. Be4+ Bxe4 31. dxe4 dxc3 32. bxc3 c4 33. Qg2 Rxf4 34. Kh3
Nxe5 35. Nxh6 Kxh6 36. Rg6+ 0-1

[Event "Goldberg mem"]
[Site "Moscow RUS"]
[Date "1998.??.??"]
[Round "13"]
[White "Gelman, Alexander"]
[Black "Sambuev, Bator"]
[Result "1/2-1/2"]
[WhiteElo "2440"]
[BlackElo "2365"]
[PlyCount "51"]
[EventDate "1998.??.??"]
[EventType "tourn"]
[EventRounds "15"]
[EventCountry "RUS"]
[Source "ChessBase"]
[SourceDate "1999.11.18"]

1. g3 g6 2. Bg2 Bg7 3. d3 c5 4. e4 Nc6 5. Nf3 e6 6. O-O Nge7 7. c3 O-O 8. Na3
Rb8 9. d4 cxd4 10. cxd4 d5 11. e5 Nf5 12. Nc2 Bd7 13. Bf4 Rc8 14. Bh3 Qb6 15.
Bxf5 exf5 16. Qd2 Qa5 17. b4 Qa4 18. Rfc1 Be6 19. Nfe1 a5 20. a3 Rc7 21. Nd3 b6
22. Nb2 Qb3 23. Rab1 Rfc8 24. Nd3 Qa4 25. Nb2 Qb3 26. Nd3 1/2-1/2

[Event "Moscow-ch op"]
[Site "Moscow RUS"]
[Date "1998.??.??"]
[Round "6"]
[White "Sambuev, Bator"]
[Black "Gersov, Evgeny"]
[Result "1/2-1/2"]
[WhiteElo "2365"]
[BlackElo "2245"]
[PlyCount "98"]
[EventDate "1998.??.??"]
[EventType "swiss"]
[EventRounds "9"]
[EventCountry "RUS"]
[Source "ChessBase"]
[SourceDate "1999.11.18"]

1. Nf3 Nf6 2. c4 e6 3. Nc3 d5 4. d4 Nbd7 5. g3 c6 6. Bg2 Bd6 7. O-O O-O 8. Qc2
Bc7 9. b3 Qe7 10. e4 dxe4 11. Nxe4 Nxe4 12. Qxe4 e5 13. dxe5 Nxe5 14. Ng5 f5
15. Qe2 h6 16. Nh3 Ng6 17. Qxe7 Nxe7 18. Ba3 Re8 19. Rfe1 Kf7 20. f4 Be6 21.
Rad1 Rad8 22. Nf2 Rxd1 23. Rxd1 Rd8 24. Rxd8 Bxd8 25. Nd3 Bc7 26. Bf3 Bc8 27.
h4 Ng8 28. Bc5 a6 29. Bd4 Nf6 30. Kf2 Bd6 31. Ke3 Ng4+ 32. Kd2 g6 33. a4 Bc7
34. b4 Be6 35. Kc3 Nf6 36. Be5 Bd8 37. Nc5 Bc8 38. a5 Nd7 39. Nxd7 Bxd7 40. h5
g5 41. fxg5 hxg5 42. Kd4 Kg8 43. Kc5 Kh7 44. Kd6 Bc8 45. Bxc6 bxc6 46. Kxc6 Kh6
47. Bc3 Kxh5 48. b5 axb5 49. cxb5 Bxa5 1/2-1/2

[Event "Moscow-ch op"]
[Site "Moscow RUS"]
[Date "1998.??.??"]
[Round "7"]
[White "Zaitsev, Mikhail"]
[Black "Sambuev, Bator"]
[Result "0-1"]
[WhiteElo "2270"]
[BlackElo "2365"]
[PlyCount "90"]
[EventDate "1998.??.??"]
[EventType "swiss"]
[EventRounds "9"]
[EventCountry "RUS"]
[Source "ChessBase"]
[SourceDate "1999.11.18"]

1. d4 e6 2. c4 Nf6 3. Nc3 Bb4 4. e3 c5 5. Nge2 b6 6. a3 Ba5 7. Qc2 Bb7 8. f3
O-O 9. e4 Nc6 10. d5 Ne5 11. Ng3 b5 12. Be3 b4 13. axb4 cxb4 14. Rxa5 Qxa5 15.
Qa4 Qxa4 16. Nxa4 d6 17. Kd2 Bc8 18. Be2 Bd7 19. Ra1 Rfc8 20. b3 Bxa4 21. Rxa4
a5 22. Bd1 Ned7 23. Ne2 e5 24. Nc1 Nc5 25. Ra1 Nfd7 26. Nd3 g6 27. Bc2 Nxd3 28.
Bxd3 Nc5 29. Be2 a4 30. bxa4 Nb7 31. Rb1 Na5 32. Rxb4 Nxc4+ 33. Rxc4 Rxc4 34.
Bb6 Rac8 35. Bd1 Rb4 36. a5 Rb2+ 37. Kd3 Rxg2 38. Ba4 Rxh2 39. Bc6 Ra2 40. Kc4
Rb8 41. Bc7 Rb1 42. Bxd6 Rxa5 43. Bxe5 Rc1+ 44. Kd4 h5 45. Bf6 Ra6 0-1

[Event "CAN-ch"]
[Site "Toronto CAN"]
[Date "2024.03.28"]
[Round "2.13"]
[White "Sambuev, Bator"]
[Black "Malakar, Saarthak"]
[Result "1-0"]
[WhiteElo "2462"]
[BlackElo "1964"]
[PlyCount "59"]
[EventDate "2024.03.27"]
[EventType "swiss"]
[EventRounds "10"]
[EventCountry "CAN"]

1. d4 d5 2. c4 c6 3. Nf3 Nf6 4. e3 Bf5 5. Nc3 e6 6. Nh4 Be4 7. f3 Bg6 8. Bd2
Be7 9. Nxg6 hxg6 10. Qc2 Qc7 11. O-O-O Rxh2 12. Rxh2 Qxh2 13. cxd5 exd5 14. e4
Nbd7 15. Qb3 Nb6 16. a4 Rb8 17. a5 Nc4 18. Bxc4 dxc4 19. Qxc4 Qxg2 20. e5 Nh5
21. d5 Rd8 22. d6 Bg5 23. a6 Bxd2+ 24. Rxd2 Qg1+ 25. Kc2 Qb6 26. e6 Nf6 27.
exf7+ Kf8 28. Rh2 Nd5 29. Nxd5 cxd5 30. Qc7 1-0

[Event "CAN-ch"]
[Site "Toronto CAN"]
[Date "2024.03.30"]
[Round "6.4"]
[White "Sambuev, Bator"]
[Black "Plotkin, Victor"]
[Result "1-0"]
[WhiteElo "2462"]
[BlackElo "2273"]
[PlyCount "55"]
[EventDate "2024.03.27"]
[EventType "swiss"]
[EventRounds "10"]
[EventCountry "CAN"]

1. d4 d5 2. c4 e6 3. Nc3 Be7 4. cxd5 exd5 5. Bf4 Nf6 6. e3 c6 7. Bd3 Nbd7 8.
Qc2 Nf8 9. h3 Ng6 10. Bg5 Nh5 11. Bxe7 Qxe7 12. O-O-O Nf6 13. Kb1 O-O 14. h4
Rd8 15. Nf3 Bg4 16. Rde1 c5 17. h5 Bxh5 18. Ng5 Bg4 19. f3 Be6 20. g4 c4 21.
Bxg6 fxg6 22. e4 dxe4 23. Ncxe4 Nxe4 24. Qxe4 Qxg5 25. Qxe6+ Kh8 26. f4 Qxf4
27. Qxg6 h6 28. Re7 1-0

[Event "Excelsior March op"]
[Site "Toronto CAN"]
[Date "2024.03.15"]
[Round "1.2"]
[White "Sambuev, Bator"]
[Black "Loadman, Ian"]
[Result "1-0"]
[WhiteElo "2465"]
[BlackElo "1932"]
[PlyCount "57"]
[EventDate "2024.03.15"]
[EventType "swiss"]
[EventRounds "5"]
[EventCountry "CAN"]
[TimeControl "90+30"]

1. d4 {[%emt 0:00:00]} Nf6 {[%emt 0:00:00]} 2. c4 {[%emt 0:00:00]} g6 {
[%emt 0:00:00]} 3. Nc3 {[%emt 0:00:00]} Bg7 {[%emt 0:00:00]} 4. e4 {
[%emt 0:00:00]} d6 {[%emt 0:00:00]} 5. Be2 {[%emt 0:00:00]} O-O {[%emt 0:00:00]
} 6. h4 {[%emt 0:00:00]} c5 {[%emt 0:00:00]} 7. d5 {[%emt 0:00:00]} e6 {
[%emt 0:00:00]} 8. h5 {[%emt 0:00:00]} exd5 {[%emt 0:00:00]} 9. h6 {
[%emt 0:00:00]} Bh8 {[%emt 0:00:00]} 10. exd5 {[%emt 0:00:00]} Re8 {
[%emt 0:00:00]} 11. Bg5 {[%emt 0:00:00]} Qb6 {[%emt 0:00:00]} 12. b3 {
[%emt 0:00:00]} Ne4 {[%emt 0:00:00]} 13. Nxe4 {[%emt 0:00:00]} Rxe4 {
[%emt 0:00:00]} 14. Kf1 {[%emt 0:00:00]} Re8 {[%emt 0:00:00]} 15. Bd3 {
[%emt 0:00:00]} Nd7 {[%emt 0:00:00]} 16. Rc1 {[%emt 0:00:00]} Nf6 {
[%emt 0:00:00]} 17. Rh4 {[%emt 0:00:00]} Re5 {[%emt 0:00:00]} 18. Nf3 {
[%emt 0:00:00]} Rxg5 {[%emt 0:00:00]} 19. Nxg5 {[%emt 0:00:00]} Bd7 {
[%emt 0:00:00]} 20. Qf3 {[%emt 0:00:00]} Re8 {[%emt 0:00:00]} 21. Re4 {
[%emt 0:00:00]} Rxe4 {[%emt 0:00:00]} 22. Bxe4 {[%emt 0:00:00]} Qd8 {
[%emt 0:00:00]} 23. b4 {[%emt 0:00:00]} cxb4 {[%emt 0:00:00]} 24. c5 {
[%emt 0:00:00]} dxc5 {[%emt 0:00:00]} 25. Rxc5 {[%emt 0:00:00]} Qe7 {
[%emt 0:00:00]} 26. d6 {[%emt 0:00:00]} Qxd6 {[%emt 0:00:00]} 27. Qb3 {
[%emt 0:00:00]} Qf8 {[%emt 0:00:00]} 28. Bxb7 {[%emt 0:00:00]} Ne8 {
[%emt 0:07:54]} 29. Nxf7 {[%emt 0:00:00]} 1-0

[Event "Excelsior March op"]
[Site "Toronto CAN"]
[Date "2024.03.16"]
[Round "2.2"]
[White "Zhu, Matthew"]
[Black "Sambuev, Bator"]
[Result "0-1"]
[WhiteElo "2098"]
[BlackElo "2465"]
[PlyCount "69"]
[EventDate "2024.03.15"]
[EventType "swiss"]
[EventRounds "5"]
[EventCountry "CAN"]
[TimeControl "90+30"]

1. e4 {[%emt 0:00:00]} e5 {[%emt 0:00:00]} 2. Nf3 {[%emt 0:00:00]} Nc6 {
[%emt 0:00:00]} 3. Bb5 {[%emt 0:00:00]} a6 {[%emt 0:00:00]} 4. Ba4 {
[%emt 0:00:00]} Nf6 {[%emt 0:00:00]} 5. O-O {[%emt 0:00:00]} d6 {[%emt 0:00:00]
} 6. c4 {[%emt 0:00:00]} Bg4 {[%emt 0:00:00]} 7. d3 {[%emt 0:00:00]} g6 {
[%emt 0:00:00]} 8. h3 {[%emt 0:00:00]} Bxf3 {[%emt 0:00:00]} 9. Qxf3 {
[%emt 0:00:00]} Nd7 {[%emt 0:00:00]} 10. Be3 {[%emt 0:00:00]} Bg7 {
[%emt 0:00:00]} 11. Nc3 {[%emt 0:00:00]} O-O {[%emt 0:00:00]} 12. Bxc6 {
[%emt 0:00:00]} bxc6 {[%emt 0:00:00]} 13. b4 {[%emt 0:00:00]} f5 {
[%emt 0:00:00]} 14. a4 {[%emt 0:00:00]} Kh8 {[%emt 0:00:00]} 15. b5 {
[%emt 0:00:00]} axb5 {[%emt 0:00:00]} 16. axb5 {[%emt 0:00:00]} cxb5 {
[%emt 0:00:00]} 17. cxb5 {[%emt 0:00:00]} f4 {[%emt 0:00:00]} 18. Ba7 {
[%emt 0:00:00]} Qc8 {[%emt 0:00:00]} 19. Ra6 {[%emt 0:00:00]} Qb7 {
[%emt 0:00:00]} 20. Rfa1 {[%emt 0:00:00]} Nf6 {[%emt 0:00:00]} 21. d4 {
[%emt 0:00:00]} Nd7 {[%emt 0:00:00]} 22. Qd3 {[%emt 0:00:00]} f3 {
[%emt 0:00:00]} 23. g3 {[%emt 0:03:45]} Rae8 {[%emt 0:00:00]} 24. Nd5 {
[%emt 0:01:26]} Nf6 {[%emt 0:00:00]} 25. Nxf6 {[%emt 0:02:56]} Bxf6 {
[%emt 0:00:00]} 26. d5 {[%emt 0:01:30]} Bg5 {[%emt 0:00:00]} 27. b6 {
[%emt 0:03:16]} cxb6 {[%emt 0:00:00]} 28. Bxb6 {[%emt 0:00:37]} Rc8 {
[%emt 0:00:00]} 29. Be3 {[%emt 0:01:11]} Bxe3 {[%emt 0:00:00]} 30. Qxe3 {
[%emt 0:00:01]} Qd7 {[%emt 0:00:00]} 31. Qh6 {[%emt 0:00:40]} Rf7 {
[%emt 0:00:00]} 32. Kh2 {[%emt 0:01:35]} Kg8 {[%emt 0:00:00]} 33. h4 {
[%emt 0:00:31]} Qg4 {[%emt 0:00:00]} 34. Ra7 {[%emt 0:00:27]} Qh5 {
[%emt 0:00:00]} 35. Qe3 {[%emt 0:01:05]} 0-1

[Event "Excelsior March op"]
[Site "Toronto CAN"]
[Date "2024.03.16"]
[Round "3.2"]
[White "Sambuev, Bator"]
[Black "Stevens, Christian"]
[Result "1-0"]
[WhiteElo "2465"]
[BlackElo "2354"]
[PlyCount "95"]
[EventDate "2024.03.15"]
[EventType "swiss"]
[EventRounds "5"]
[EventCountry "CAN"]
[TimeControl "90+30"]

1. d4 {[%emt 0:00:00]} Nf6 {[%emt 0:00:00]} 2. Nf3 {[%emt 0:00:00]} d5 {
[%emt 0:00:00]} 3. e3 {[%emt 0:00:00]} Bf5 {[%emt 0:00:00]} 4. c4 {
[%emt 0:00:00]} c6 {[%emt 0:00:00]} 5. Nc3 {[%emt 0:00:00]} e6 {[%emt 0:00:00]}
6. Nh4 {[%emt 0:00:00]} Bg6 {[%emt 0:00:00]} 7. Be2 {[%emt 0:00:00]} Nbd7 {
[%emt 0:00:00]} 8. O-O {[%emt 0:00:00]} Ng8 {[%emt 0:00:00]} 9. g3 {
[%emt 0:00:00]} Be7 {[%emt 0:00:00]} 10. Nxg6 {[%emt 0:00:00]} hxg6 {
[%emt 0:00:00]} 11. Qb3 {[%emt 0:00:00]} Qb6 {[%emt 0:00:00]} 12. c5 {
[%emt 0:00:00]} Qxb3 {[%emt 0:00:00]} 13. axb3 {[%emt 0:00:00]} a6 {
[%emt 0:00:00]} 14. b4 {[%emt 0:00:00]} Rc8 {[%emt 0:00:00]} 15. f3 {
[%emt 0:00:00]} e5 {[%emt 0:00:00]} 16. g4 {[%emt 0:00:00]} exd4 {
[%emt 0:00:00]} 17. exd4 {[%emt 0:00:00]} Bf6 {[%emt 0:00:00]} 18. Rd1 {
[%emt 0:00:00]} g5 {[%emt 0:00:00]} 19. b5 {[%emt 0:00:00]} axb5 {
[%emt 0:00:00]} 20. Ra7 {[%emt 0:00:00]} Rb8 {[%emt 0:00:00]} 21. f4 {
[%emt 0:00:00]} Bd8 {[%emt 0:00:00]} 22. fxg5 {[%emt 0:00:00]} Bc7 {
[%emt 0:00:00]} 23. Bxb5 {[%emt 0:00:00]} Ne7 {[%emt 0:00:00]} 24. Ba6 {
[%emt 0:00:00]} Bxh2+ {[%emt 0:00:00]} 25. Kg2 {[%emt 0:00:00]} bxa6 {
[%emt 0:00:00]} 26. Rh1 {[%emt 0:00:00]} Ng6 {[%emt 0:00:00]} 27. Rxh2 {
[%emt 0:00:00]} Rxh2+ {[%emt 0:00:00]} 28. Kxh2 {[%emt 0:00:00]} Rb4 {
[%emt 0:00:00]} 29. Rxa6 {[%emt 0:00:00]} Rxd4 {[%emt 0:00:00]} 30. Rxc6 {
[%emt 0:00:00]} Ne7 {[%emt 0:00:00]} 31. Rd6 {[%emt 0:00:00]} Rc4 {
[%emt 0:00:00]} 32. Be3 {[%emt 0:00:00]} Nxc5 {[%emt 0:00:00]} 33. Bxc5 {
[%emt 0:00:53]} Rxc5 {[%emt 0:00:00]} 34. Kg3 {[%emt 0:00:06]} Rc4 {
[%emt 0:00:00]} 35. Nxd5 {[%emt 0:04:16]} Nxd5 {[%emt 0:00:00]} 36. Rxd5 {
[%emt 0:00:44]} Rb4 {[%emt 0:00:00]} 37. Rd2 {[%emt 0:00:14]} g6 {
[%emt 0:00:00]} 38. Kf3 {[%emt 0:00:21]} Kf8 {[%emt 0:00:00]} 39. Rg2 {
[%emt 0:00:23]} Kg7 {[%emt 0:00:00]} 40. Ke3 {[%emt 0:01:14]} Rb5 {
[%emt 0:00:00]} 41. Kd4 {[%emt 0:02:49]} Rxg5 {[%emt 0:00:00]} 42. b4 {
[%emt 0:00:07]} Kf6 {[%emt 0:00:00]} 43. Kc4 {[%emt 0:04:13]} Ke6 {
[%emt 0:00:00]} 44. b5 {[%emt 0:00:36]} Kd6 {[%emt 0:00:00]} 45. Kb4 {
[%emt 0:00:58]} Kc7 {[%emt 0:00:00]} 46. Ka5 {[%emt 0:00:11]} Kb7 {
[%emt 0:00:00]} 47. Re2 {[%emt 0:00:45]} Rc5 {[%emt 0:00:00]} 48. Re7+ {
[%emt 0:00:23]} 1-0

[Event "RA March op"]
[Site "Ottawa CAN"]
[Date "2024.03.01"]
[Round "1.1"]
[White "Di Matteo, Alessio"]
[Black "Sambuev, Bator"]
[Result "0-1"]
[WhiteElo "2040"]
[BlackElo "2584"]
[PlyCount "108"]
[EventDate "2024.03.01"]
[EventType "swiss"]
[EventRounds "5"]
[EventCountry "CAN"]

1. d4 Nf6 2. c4 e6 3. Nc3 Bb4 4. f3 c5 5. d5 b5 6. e4 d6 7. Bd2 O-O 8. Nxb5
exd5 9. cxd5 Nxe4 10. Bxb4 Qh4+ 11. g3 Nxg3 12. hxg3 Qxh1 13. Kf2 cxb4 14. Nc7
Bb7 15. Nxa8 Bxa8 16. Nh3 Nd7 17. Qb3 Nc5 18. Qc4 Bb7 19. Qd4 Ba6 20. Nf4 Re8
21. Rd1 Bxf1 22. Rxf1 Qh2+ 23. Ng2 g6 24. Rd1 a5 25. Rd2 Qh6 26. Qf4 Qxf4 27.
Nxf4 h5 28. Ng2 Rc8 29. Ne3 Nd7 30. Ke2 Nb6 31. Kd3 Kg7 32. Kd4 Kf6 33. Rh2 Kg5
34. f4+ Kf6 35. Rh1 Ke7 36. Re1 Kd7 37. Rh1 Rc5 38. Re1 Kd8 39. Rh1 Nd7 40. Rh2
f5 41. Rh1 Nf6 42. Rg1 Kc7 43. Rg2 Kb6 44. Rg1 Kb5 45. Rg2 a4 46. Rg1 Ne4 47.
Rg2 b3 48. axb3 axb3 49. Kd3 Rc1 50. Kd4 Kb4 51. Kd3 Kc5 52. Ke2 Kd4 53. Kf3
Re1 54. Re2 Rxe2 0-1

[Event "RA March op"]
[Site "Ottawa CAN"]
[Date "2024.03.01"]
[Round "2.1"]
[White "Sambuev, Bator"]
[Black "Marin, Sam"]
[Result "1-0"]
[WhiteElo "2584"]
[BlackElo "2227"]
[PlyCount "79"]
[EventDate "2024.03.01"]
[EventType "swiss"]
[EventRounds "5"]
[EventCountry "CAN"]

1. d4 Nf6 2. c4 e6 3. Nf3 b6 4. g3 Bb7 5. Bg2 Bb4+ 6. Bd2 Qe7 7. O-O O-O 8. Bg5
h6 9. Bxf6 Qxf6 10. a3 Be7 11. Qd3 Qf5 12. Qxf5 exf5 13. Rd1 Re8 14. Nc3 a6 15.
e3 Ra7 16. Ne5 d6 17. Nd3 Bxg2 18. Kxg2 c6 19. b4 b5 20. Nb2 Bf6 21. a4 bxc4
22. Nxc4 Rd8 23. Na5 Rc7 24. Rac1 Rdc8 25. Nc4 Be7 26. Nb6 Rd8 27. a5 Rb7 28.
d5 Bf8 29. Nca4 cxd5 30. Nxd5 f6 31. Nab6 Kf7 32. Rd4 g5 33. Rdc4 h5 34. Rc7+
Rxc7 35. Rxc7+ Kg6 36. f4 Re8 37. h4 Rd8 38. Kf2 gxh4 39. gxh4 Re8 40. Ke2 1-0

[Event "RA March op"]
[Site "Ottawa CAN"]
[Date "2024.03.02"]
[Round "3.1"]
[White "Latorre, Vincent"]
[Black "Sambuev, Bator"]
[Result "0-1"]
[WhiteElo "2305"]
[BlackElo "2584"]
[PlyCount "82"]
[EventDate "2024.03.01"]
[EventType "swiss"]
[EventRounds "5"]
[EventCountry "CAN"]

1. e4 e5 2. Nf3 Nc6 3. Bc4 Nf6 4. d3 Bc5 5. c3 d6 6. O-O a5 7. Bb3 Ba7 8. Be3
O-O 9. Nbd2 Ne7 10. h3 Ng6 11. Re1 Bxe3 12. Rxe3 Nd7 13. Nf1 Nc5 14. Bc2 f6 15.
d4 Ne6 16. g3 Ng5 17. h4 Nxf3+ 18. Qxf3 a4 19. a3 Nh8 20. Ree1 Nf7 21. Ne3 g6
22. Qg2 Nh6 23. Rad1 Be6 24. f4 Qd7 25. Qf3 Bg4 26. Nxg4 Nxg4 27. Bd3 Kh8 28.
Kg2 Rae8 29. Bc4 h5 30. f5 gxf5 31. exf5 e4 32. Qf1 d5 33. Bb5 c6 34. Bxa4 Qd6
35. Kh3 Rg8 36. Rd2 e3 37. Rg2 Nf2+ 38. Kh2 Re4 39. Kg1 Rxg3 40. Rxg3 Qxg3+ 41.
Qg2 Nh3+ 0-1

[Event "RA March op"]
[Site "Ottawa CAN"]
[Date "2024.03.03"]
[Round "5.1"]
[White "Adam, Rafael"]
[Black "Sambuev, Bator"]
[Result "0-1"]
[WhiteElo "2286"]
[BlackElo "2584"]
[PlyCount "58"]
[EventDate "2024.03.01"]
[EventType "swiss"]
[EventRounds "5"]
[EventCountry "CAN"]

1. Nf3 d5 2. g3 c5 3. Bg2 Nf6 4. O-O e6 5. d3 Nc6 6. Nbd2 Be7 7. e4 Qc7 8. Re1
h6 9. e5 Nh7 10. h4 O-O 11. Qe2 b5 12. Nf1 a5 13. Ne3 f5 14. exf6 Nxf6 15. Bh3
Bd6 16. c3 Bd7 17. Nh2 c4 18. Neg4 Nxg4 19. Qxg4 Rf7 20. Qe2 Bxg3 21. fxg3
Qxg3+ 22. Bg2 Raf8 23. Qe3 Qxh4 24. Bd2 d4 25. cxd4 Nxd4 26. Rac1 Rf2 27. Bc3
Rxg2+ 28. Kxg2 Bc6+ 29. Kg1 Nf3+ 0-1

[Event "Excelsior 1 Year Anniversary op"]
[Site "Toronto CAN"]
[Date "2024.01.26"]
[Round "1.1"]
[White "Douglas, Richard"]
[Black "Sambuev, Bator"]
[Result "0-1"]
[WhiteElo "2074"]
[BlackElo "2584"]
[PlyCount "110"]
[EventDate "2024.01.26"]
[EventType "swiss"]
[EventRounds "5"]
[EventCountry "CAN"]

1. d4 Nf6 2. c4 e6 3. Nc3 Bb4 4. Qc2 c5 5. dxc5 O-O 6. Bg5 h6 7. Bh4 Qa5 8. e3
Bxc3+ 9. bxc3 Ne4 10. Rc1 f5 11. Nf3 Na6 12. Nd4 Naxc5 13. Nb3 Qc7 14. f3 g5
15. fxe4 gxh4 16. Bd3 Nxd3+ 17. Qxd3 Qe5 18. O-O Qxe4 19. Qxe4 fxe4 20. Rxf8+
Kxf8 21. Rf1+ Ke7 22. Rf4 h3 23. Rxe4 hxg2 24. Rh4 b6 25. Rxh6 Bb7 26. Nd2 Rg8
27. Rh7+ Kd6 28. Rf7 Rg5 29. Nf3 Rc5 30. Nd2 Ra5 31. Rf2 Ke7 32. e4 Rxa2 33.
Rxg2 Ra1+ 34. Kf2 a5 35. Rg7+ Kd6 36. c5+ bxc5 37. Nc4+ Kc7 38. Rg5 Kc6 39.
Ne5+ Kd6 40. Nc4+ Ke7 41. Rxc5 a4 42. Nd2 Rh1 43. Ra5 Rxh2+ 44. Ke3 Bc6 45. Kd3
Rh3+ 46. Kd4 Rh4 47. Kd3 Rg4 48. Ke3 Kd6 49. Nc4+ Kc7 50. Nd2 Kb7 51. Kd3 Rg3+
52. Kd4 d6 53. Kc4 e5 54. Kb4 Re3 55. Kc4 Re2 0-1

[Event "Excelsior 1 Year Anniversary op"]
[Site "Toronto CAN"]
[Date "2024.01.27"]
[Round "2.1"]
[White "Sambuev, Bator"]
[Black "Oancea, Nicolae"]
[Result "1-0"]
[WhiteElo "2584"]
[BlackElo "1986"]
[PlyCount "29"]
[EventDate "2024.01.26"]
[EventType "swiss"]
[EventRounds "5"]
[EventCountry "CAN"]

1. d4 d5 2. c4 Nf6 3. cxd5 Qxd5 4. Nc3 Qa5 5. Bd2 Qb6 6. e4 e5 7. dxe5 Ng4 8.
Qf3 Bc5 9. O-O-O O-O 10. Nd5 Qc6 11. Kb1 Nxe5 12. Qg3 Bd6 13. Bf4 Qa4 14. Nc3
Qa5 15. Rd5 1-0

[Event "Excelsior 1 Year Anniversary op"]
[Site "Toronto CAN"]
[Date "2024.01.27"]
[Round "3.1"]
[White "Singh, Mahip"]
[Black "Sambuev, Bator"]
[Result "0-1"]
[WhiteElo "2289"]
[BlackElo "2584"]
[PlyCount "98"]
[EventDate "2024.01.26"]
[EventType "swiss"]
[EventRounds "5"]
[EventCountry "CAN"]

1. e4 e5 2. Nf3 Nc6 3. Bc4 Nf6 4. d3 Bc5 5. Nc3 h6 6. a3 d6 7. Na4 Bb6 8. h3
O-O 9. Nxb6 axb6 10. Qe2 Be6 11. Bd2 d5 12. exd5 Bxd5 13. Bxd5 Qxd5 14. O-O
Rfe8 15. Rfe1 Re6 16. Be3 Qd7 17. Nd2 Rae8 18. Qf3 Nd5 19. Qg4 Kh8 20. Nf3 Qd8
21. Qh5 Kg8 22. Bd2 Nf6 23. Qh4 e4 24. dxe4 Rxe4 25. Qg3 Ne5 26. Bc3 Nh5 27.
Qxe5 Re6 28. Qxe4 Rxe4 29. Be5 Nf6 30. Rxe4 Nxe4 31. Bd4 Ng5 32. Be3 Nxf3+ 33.
gxf3 Qf6 34. c3 Qxf3 35. Kh2 f5 36. Rg1 g5 37. b4 f4 38. Bd4 c5 39. bxc5 bxc5
40. Bxc5 Qxc3 41. Bb4 Qd4 42. Kg2 Qe4+ 43. Kh2 Qf3 44. Bc5 Kf7 45. Rg2 Qc3 46.
Bb4 Qd4 47. f3 Qe3 48. h4 Qxf3 49. hxg5 Qh5+ 0-1

[Event "Excelsior 1 Year Anniversary op"]
[Site "Toronto CAN"]
[Date "2024.01.28"]
[Round "5.2"]
[White "Kim, Noah"]
[Black "Sambuev, Bator"]
[Result "0-1"]
[WhiteElo "2174"]
[BlackElo "2584"]
[PlyCount "58"]
[EventDate "2024.01.26"]
[EventType "swiss"]
[EventRounds "5"]
[EventCountry "CAN"]

1. d4 Nf6 2. Nc3 d5 3. Bf4 e6 4. Nb5 Na6 5. e3 Be7 6. Nf3 O-O 7. Be2 Bd7 8. O-O
Nh5 9. Be5 f6 10. Bg3 Nxg3 11. hxg3 c6 12. Nc3 Qb6 13. Qd2 c5 14. e4 dxe4 15.
dxc5 Nxc5 16. b4 Qxb4 17. Rab1 Qa5 18. Nxe4 Qxd2 19. Nexd2 Rfd8 20. Bc4 Kf8 21.
Nb3 b6 22. Nfd4 e5 23. Nxc5 Bxc5 24. Ne6+ Bxe6 25. Bxe6 Rd2 26. Bf5 g6 27. Be4
Rad8 28. g4 R8d4 29. Rbe1 Ra4 0-1